Deutsche Fußball-Nationalspieler 2017 - Statistiken

Allgemein
  • Dieses Quiz wurde 97 mal gespielt
  • Das Durchschnittsergebnis liegt bei 20 aus 37
Antwortstatistiken
Hint Antwort % Korrekt
Tor Marc-André ter Stegen
95%
Abwehr Jérôme Boateng
86%
Tor Kevin Trapp
85%
Abwehr Mats Hummels
84%
Mittelfeld Thomas Müller
84%
Tor Bernd Leno
81%
Abwehr Joshua Kimmich
81%
Mittelfeld Leon Goretzka
75%
Mittelfeld Toni Kroos
75%
Angriff Leroy Sané
73%
Angriff Timo Werner
69%
Mittelfeld Mesut Özil
68%
Abwehr Niklas Süle
68%
Mittelfeld Sami Khedira
68%
Angriff Mario Gomez
63%
Mittelfeld Julian Brandt
61%
Mittelfeld Mario Götze
61%
Abwehr Antonio Rüdiger
60%
Abwehr Matthias Ginter
60%
Mittelfeld İlkay Gündoğan
59%
Abwehr Benedikt Höwedes
54%
Mittelfeld Julian Draxler
54%
Angriff André Schürrle
51%
Mittelfeld Lukas Podolski
51%
Abwehr Jonas Hector
49%
Mittelfeld Emre Can
48%
Abwehr Shkodran Mustafi
44%
Mittelfeld Sebastian Rudy
31%
Angriff Lars Stindl
29%
Abwehr Marcel Halstenberg
28%
Angriff Sandro Wagner
28%
Abwehr Benjamin Henrichs
25%
Abwehr Marvin Plattenhardt
25%
Mittelfeld Julian Weigl
15%
Mittelfeld Kerem Demirbay
15%
Mittelfeld Amin Younes
9%
Mittelfeld Diego Demme
5%
Keine übereinstimmenden Quizze gefunden
Verteilung der Resultate
Anzahl Personen mit jedem Resultat
Perzentil nach korrekt beantworteten Fragen
Ihre Resultats-Entwicklung
Sie haben dieses Quiz noch nicht gespielt